Statistics for JR西日本の駅乗降客数ランキングTOP100

Click here to take the quiz!

General Stats

  • This quiz has been taken 1,408 times
  • The average score is 68 of 100

Answer Stats

順位都道府県乗降客数% Correct
2京都府390164京都
100%
1大阪府845370大阪
99%
7広島県154084広島
98%
8兵庫県145034神戸
98%
9岡山県138650岡山
97%
10大阪府138178新大阪
96%
14兵庫県103526姫路
95%
3大阪府292326天王寺
95%
5兵庫県250268三ノ宮
95%
17兵庫県91854尼崎
93%
74滋賀県34716大津
92%
12大阪府129758高槻
92%
67奈良県36290奈良
90%
13兵庫県106972明石
90%
22兵庫県64098西明石
90%
4大阪府262740京橋
90%
65和歌山県36516和歌山
88%
30滋賀県59138草津
88%
11大阪府132576新今宮
87%
46福岡県45482博多
86%
53兵庫県40922西宮
86%
6大阪府195904鶴橋
86%
24大阪府62352西九条
84%
20京都府69926山科
84%
27大阪府60212福島
84%
50広島県42374福山
83%
58岡山県38954倉敷
83%
42兵庫県47978加古川
82%
98福岡県24242小倉
81%
16大阪府96486茨木
81%
29兵庫県59420宝塚
81%
31兵庫県54270芦屋
81%
44大阪府45792吹田
81%
45石川県45640金沢
80%
92大阪府27062大阪城公園
77%
26滋賀県60886南草津
77%
43大阪府47888JR難波
73%
33大阪府52754天満
73%
34大阪府50714大正
72%
47兵庫県44666兵庫
72%
97大阪府25130野田
72%
52京都府41042長岡京
71%
15大阪府100794北新地
71%
18兵庫県71864元町
71%
38大阪府49924森ノ宮
70%
70滋賀県35468近江八幡
70%
21大阪府68978弁天町
69%
40滋賀県48206石山
68%
41奈良県48152王寺
68%
84大阪府28720関西空港
68%
99大阪府24094堺市
68%
77大阪府34108放出
67%
83滋賀県30626野洲
67%
72大阪府35100桜ノ宮
67%
63兵庫県37470甲子園口
67%
51兵庫県41354
67%
36兵庫県50094伊丹
65%
89京都府27236二条
64%
19兵庫県71224住吉
64%
32兵庫県52882六甲道
64%
60大阪府38054塚本
63%
71兵庫県35180三田
63%
59大阪府38192
62%
96滋賀県25830膳所
62%
76滋賀県34566守山
61%
28大阪府59992ユニバーサルシティ
60%
68大阪府36280桃谷
60%
69大阪府36224久宝寺
60%
75大阪府34636寺田町
59%
86兵庫県27982新三田
57%
55大阪府40340摂津富田
56%
100兵庫県24084塚口
55%
79大阪府34012玉造
55%
49兵庫県43434新長田
55%
62兵庫県37712舞子
55%
39大阪府48454三国ヶ丘
54%
23兵庫県63896垂水
53%
80京都府33820西大路
53%
37兵庫県49982立花
52%
48兵庫県44056摂津本山
52%
54大阪府40594千里丘
51%
66滋賀県36448瀬田
50%
87大阪府27788桜島
50%
78広島県34048横川
50%
57兵庫県39190川西池田
49%
61大阪府37852岸辺
46%
81京都府31750桂川
46%
56兵庫県40002大久保
45%
73大阪府35042和泉府中
43%
94大阪府26330八尾
42%
25大阪府61998住道
40%
95大阪府26214安治川口
39%
35大阪府50442大阪天満
39%
88兵庫県27640東加古川
37%
64大阪府36976四条畷
36%
82兵庫県30946朝霧
35%
91大阪府27094御幣島
33%
85兵庫県28402土山
30%
93広島県26808五日市
28%
90大阪府27168鴻池新田
26%

Score Distribution

Percentile by Number Answered

Percent of People with Each Score

Your Score History

You have not taken this quiz